Dance moms W dances - Statistics

General Stats
  • This quiz has been taken 77 times
    76 since last reset
  • The average score is 22 of 40
Answer Stats
Picture Answer % Correct
Where have all the children gone
100%
Waiting
96%
Waiting Room
96%
Working Girl
89%
Wishbone
85%
Why can't we be friends
78%
The wild child and the wallflower
74%
Watch Me Fly
74%
Who are you
74%
Watercolors Fade
70%
Winters War
70%
The Woods
67%
We hit harder
67%
Waiting on a train to Paris
59%
Wreck it
59%
We Believe
56%
Were alright
56%
Whatever I Want
56%
Wishing Well
56%
Witches of east canton
56%
The World is ours
52%
What Comes Around
52%
Who am I
52%
Weight of the world
48%
Welcome to my life
48%
Well Oiled Machine
48%
What Goes Around
48%
Wake
44%
Welcome to a new world
44%
Why not me
44%
Why not me
44%
Walking through a storm
37%
Wax Madonnas
37%
Who do you think you are
37%
War and Peace
33%
Wait For Me Mom
30%
Winner takes all
30%
Why Wait
26%
What do you see
22%
We go on
19%
No matching quizzes found
Score Distribution
Percent of People with Each Score
Percentile by Number Answered
Your Score History
You have not taken this quiz since the last reset